| 000 | 00501nam a2200181 a 4500 | ||
|---|---|---|---|
| 001 | 0155 | ||
| 005 | 20140414132041.0 | ||
| 008 | 040804s19uu xx 00 eng d | ||
| 020 | _a2-89429-219-8 | ||
| 050 |
_aBB _bR53 1993 |
||
| 245 |
_aRobin Hood / _cillustration ZAPP. |
||
| 260 |
_aMontreal, Canada : _bBrimar Publishing, _c1993. |
||
| 300 | _a16 p. : ill. ; cm. | ||
| 440 | _aThe Walt Disney Treasure Chest | ||
| 650 |
_aAdventures _xFiction. |
||
| 650 | _aChildren stories. | ||
| 999 |
_c113859 _d113859 |
||